|
|
|
|
| LEADER |
00000naa2a2200000 4500 |
| 001 |
138075 |
| 005 |
20231031141301.0 |
| 035 |
|
|
|a (RuTPU)RU\TPU\book\149622
|
| 090 |
|
|
|a 138075
|
| 100 |
|
|
|a 20080520d2005 k y0rusy50 ca
|
| 101 |
0 |
|
|a rus
|
| 102 |
|
|
|a RU
|
| 200 |
1 |
|
|a Изменение взимания ЕСН в 2005 году
|f П. Л. Гуськов
|g науч. рук. Н. А. Матюшенкова
|
| 463 |
|
0 |
|0 (RuTPU)RU\TPU\book\118412
|t Труды IX научно-практической конференции студентов и учащейся молодежи г. Юрги, 7-9 апреля 2005 года
|f Юргинский технологический институт (филиал); Томский политехнический университет; под ред. О. Ю. Ретюнского
|v С. 13-14
|d 2005
|p 56 с.
|
| 610 |
1 |
|
|a налоги
|
| 610 |
1 |
|
|a ЕСН
|
| 610 |
1 |
|
|a единый социальный налог
|
| 610 |
1 |
|
|a базовые ставки
|
| 610 |
1 |
|
|a бедность
|
| 610 |
1 |
|
|a налоговые выплаты
|
| 610 |
1 |
|
|a заработная плата
|
| 610 |
1 |
|
|a уровень доходов
|
| 610 |
1 |
|
|a труды учёных ТПУ
|
| 700 |
|
1 |
|a Гуськов
|b П. Л.
|
| 702 |
|
1 |
|a Матюшенкова
|b Н. А.
|4 727
|
| 801 |
|
1 |
|a RU
|b 63413507
|c 20080520
|g PSBO
|
| 942 |
|
|
|c BK
|